[Event "18th Aeroflot Open-A 2020"]
[Site "Moscow"]
[Date "2020.02.20"]
[Round "1.27"]
[White "Svane, Rasmus"]
[Black "Gokerkan, Cem Kaan"]
[Result "1/2-1/2"]
[WhiteElo "2608"]
[BlackElo "2461"]
[Annotator "TA"]
[PlyCount "379"]
[EventDate "2020.02.19"]
[EventType "swiss"]
[EventCountry "RUS"]
[SourceTitle "playchess.com"]
[Source "ChessBase"]
[SourceQuality "1"]

{[%evp 14,379,7,0,27,25,33,33,14,15,6,0,9,0,23,0,0,0,21,0,0,0,41,0,8,17,39,28,31,29,46,10,0,0,0,0,0,0,0,0,3,3,4,8,9,0,0,0,0,0,0,0,0,0,0,0,70,66,66,0,0,0,0,0,0,0,0,0,0,0,44,39,37,27,21,21,26,20,24,20,51,0,0,0,0,0,0,0,0,0,0,0,0,0,0,0,0,0,0,0,0,0,0,0,0,0,0,0,0,0,0,0,0,0,0,0,0,0,0,0,0,0,0,0,0,0,0,0,0,0,0,0,0,0,0,0,0,0,0,0,0,0,0,0,0,0,0,0,0,0,0,0,0,0,0,0,0,0,0,0,0,0,0,0,0,0,0,0,0,0,0,0,0,0,0,0,0,0,0,0,0,0,0,0,0,0,0,0,21,0,0,0,16,16,16,16,16,9,16,16,16,16,16,16,16,16,16,16,16,16,16,16,16,16,16,16,16,16,16,16,16,0,16,0,16,16,16,16,16,0,16,0,16,16,16,16,16,16,16,16,16,16,16,16,16,16,16,0,16,16,16,16,16,16,16,16,16,16,16,16,16,16,52,52,52,52,73,16,60,16,16,16,16,0,45,0,0,0,0,0,0,0,0,0,0,0,0,0,0,0,0,0,0,0,0,0,0,0,0,0,0,0,0,0,0,0,0,0,0,0,0,0,0,0,0,0,0,0,0,0,0,0,0,0,0,0,0,0,0,0,0,0,0,0,0,0,0,0,0,0,39,0,0,0,0,0,0,0,0,0,0,0,0,0,0,0,0,0,0,0,0,0,0,0,0,0,0,0]} 1. Nf3 Nf6 2. g3 d5 3. Bg2 e6 4. O-O c5 5. c4 d4 6. e3 Nc6 7. exd4 cxd4 8. d3 Bc5 {A13: English Opening: 1...e6.} 9. Bg5 O-O 10. Nbd2 Be7 {White is slightly better.} 11. Re1 h6 12. Bxf6 Bxf6 13. Rc1 Bd7 14. a3 a5 $1 15. c5 {[#]} Ra6 $146 ({Predecessor:} 15... Be7 16. Qe2 a4 17. Ne5 Qc7 18. Nxd7 Qxd7 19. Nc4 Bxc5 20. Qh5 f5 21. Qe2 Rfe8 22. Qc2 {½-½ (22) Grabner,H (2214)-Silva,R (2373) ICCF email 2011}) 16. Ne4 Be7 $1 17. Qa4 e5 (17... Be8 {is more complex.} 18. Ned2 Ra7 19. h4 Ra6 20. Re2 Ra7) 18. Nd6 Bxd6 19. cxd6 Rb6 20. Qc2 Qf6 21. Nd2 Be6 22. Ne4 Qd8 23. Re2 Rb5 24. Nc5 Qxd6 25. Nxe6 Qxe6 26. Qa4 Na7 27. Rc7 Rc8 28. Rxc8+ Qxc8 29. Rc2 $36 {[%mdl 2048] White has good play.} Qe6 30. Rc7 Rxb2 {[#] ( -> ...Rb1+)} 31. Rxb7 Rxb7 32. Bxb7 Qe7 33. Bd5 Qd8 34. Qc4 Qd7 ({Black should play} 34... Qe7 $1 $11) 35. Qc5 $14 a4 36. Bc4 (36. Bg2 $14) 36... e4 $1 $11 37. dxe4 d3 38. Bd5 Nb5 39. Qb4 Nc7 40. Qd4 Qb5 $1 41. Kg2 Ne6 42. Qc3 Nc5 43. h4 h5 44. Kf3 Qb6 45. Qd4 Kf8 46. Bc4 Kg8 47. Bxd3 (47. e5 $14) 47... Qb3 48. Qxc5 Qxd3+ {[%mdl 4096] Endgame KQ-KQ} 49. Kf4 g6 50. Qb4 Qb3 51. Qd6 Qc2 52. Qd8+ Kh7 53. Qd4 Qc1+ 54. Qe3 Qc7+ 55. Kf3 Qc4 56. Kf4 Qc7+ 57. Kf3 Qc4 58. Kg2 Kg8 59. Qf4 Qb3 60. Qd6 Qc4 61. Qb8+ Kh7 62. Qe5 Qb3 63. Qc5 (63. Qd5 {looks sharper.} Kg8 64. Qd8+ Kg7 65. Qe7 Kg8 66. Qd8+) 63... Kg8 64. Qe7 Qc4 65. e5 Qe4+ 66. Kh2 Qf3 67. Qc5 Qe4 68. Kg1 Qe1+ 69. Kg2 {Black must now prevent Qd5.} Qe4+ 70. Kh2 Qf3 71. Kg1 (71. e6 {seems wilder.} fxe6 72. Qc8+ Kg7 73. Qc7+ Kh6 74. Qc1+) 71... Qd1+ 72. Kg2 Qd3 73. Qe3 Qd5+ 74. Qf3 Qb3 75. Qf6 Qd5+ 76. Kh2 Qd4 77. Qf3 Qc4 78. Qa8+ Kg7 79. Qd8 Qe4 80. Qf6+ Kg8 81. Qd8+ Kg7 82. Qf6+ Kg8 83. Qf4 Qc2 84. Qe3 Qb3 85. Kg2 (85. Kg1 {looks sharper.} Qd1+ 86. Kh2 Qb3) 85... Qd5+ 86. Qf3 Qb3 87. Qe4 Kh7 88. Qe3 Kg8 89. Qc5 Qd3 90. Qb4 Qd5+ 91. Kh2 Qf3 92. Qb2 Qb3 93. Qc1 Qf3 94. Kg1 Qe4 95. Qd1 Qc4 96. Qd8+ Kh7 97. Qf6 Qc7 98. Kh2 Qd7 99. Qf4 (99. Qd6 {with more complications.} Qf5 100. Qc5 Qe4 101. Qe7 Qf5 102. Qa7) 99... Kg8 100. Qe4 Kh7 101. Kg2 Kg7 102. Qf3 Qd4 103. Qf6+ Kg8 104. Qc6 Qg4 105. Qc2 Qd4 106. e6 Kf8 $1 107. Qc6 Ke7 108. exf7 Kxf7 109. Qf3+ Kg7 110. Qb7+ Kg8 111. Qe7 Qd5+ 112. Kh2 Qf3 113. Qe3 (113. Qe6+ {keeps more tension.} Kh7 114. Qd7+ Kg8 115. Qd8+ Kg7 116. Qd4+) 113... Qf7 114. Kg1 {Strongly threatening Qe4.} Qc4 115. Kg2 Qd5+ 116. Qf3 Qc4 117. Qb7 Qd4 118. Qc6 Kg7 119. Qc7+ Kg8 120. Qc2 Kg7 121. Qc6 Kf7 122. Qf3+ Kg7 123. Kh2 Qc5 124. Kg1 Qd4 125. Qb7+ Kf6 126. Qc6+ Kf7 127. Qc7+ Kf6 128. Qc1 Kg7 129. Kf1 Qd3+ 130. Kg1 Qd4 131. Qe3 Qc4 132. Qe5+ Kg8 133. Kg2 Qc6+ 134. Kh2 Qf3 135. Qc5 (135. Qe6+ {looks sharper.} Kg7 136. Qe3 Qc6 137. Qd4+ Kh7 138. Qf4) 135... Qe4 136. Qc8+ Kf7 137. Qc3 (137. Qd7+ {is interesting.} Kg8 138. Qd6 Kf7 139. Qb6 Qf3 140. Qc7+) 137... Qa8 138. Qc4+ Kg7 139. Kg1 Qa7 140. Kf1 (140. g4 $16) 140... Kh7 141. Qd3 Qe7 142. Qe3 Qb7 143. Qd3 Qe7 144. f4 Qb7 145. Kf2 Qb2+ 146. Ke3 Qb6+ 147. Ke4 Kh6 148. Kd5 (148. f5 {feels hotter.} gxf5+ 149. Kf3 Qc6+ 150. Kf4 Qc7+ 151. Kf3) 148... Qb3+ 149. Kd4 {Threatens to win with Qxb3.} Qb6+ 150. Kc4 Qa6+ 151. Kc3 Qa5+ 152. Kd4 Qb6+ 153. Ke5 Qc7+ 154. Kd5 (154. Kd4 {seems wilder.} Qd6+ 155. Kc4 Qa6+) 154... Qb7+ 155. Ke5 Qc7+ 156. Ke4 Qe7+ 157. Kf3 Qb7+ 158. Ke3 Qb6+ 159. Qd4 Qb3+ 160. Ke4 {[%cal Rd4h8]} Qe6+ 161. Kd3 {[%cal Rd4h8]} Qb3+ 162. Qc3 Qd5+ 163. Ke3 {[%cal Rc3h8]} Kh7 164. Qb4 Qd7 165. Ke4 Qd1 166. Ke5 {Hoping for f5.} Qd7 167. Qd6 Qf5+ 168. Kd4 {Qe7+ is the strong threat.} Qc2 169. Qe7+ Kg8 170. Qe3 Qc6 171. Qc3 (171. Qe4 {is more complex.} Qb6+ 172. Ke5 Kg7 173. Qd4 Qc6 174. f5) 171... Qb6+ 172. Kc4 Kh7 173. Kd5 Qb3+ 174. Kd4 {aiming for Qxb3.} Qb6+ 175. Kd3 Qb1+ 176. Kc4 Qb6 177. Qb4 Qe6+ {The position is equal.} 178. Kb5 Qb3 179. Ka5 Qxg3 180. Qe7+ Kg8 181. Qe8+ Kg7 182. Qe7+ Kg8 183. Qd6 Qxh4 184. Qxg6+ Kf8 185. Qd6+ Qe7 186. Qh6+ Kg8 187. Qg6+ Kf8 188. Qh6+ (188. Kxa4 {is a self mate.} Qe8+ 189. Qxe8+ Kxe8 190. Kb4 Ke7 191. Kb5 h4 192. a4 h3 193. f5 h2 194. Kc4 h1=Q 195. a5 Qe4+ 196. Kb5 Qxf5+ 197. Kb4 Qd3 198. a6 Qxa6 199. Kc3 Qe2 200. Kb4 Qc2 201. Kb5 Qc3 202. Ka4 Kd6 203. Kb5 Qb3+ 204. Ka5 Kc6 205. Ka6 Qb6#) 188... Kg8 189. Qg6+ Kf8 190. Qh6+ {Accuracy: White = 95%, Black = 96%.} (190. Kxa4 Qe8+ 191. Qxe8+ Kxe8 192. Kb4 h4 193. Kc5 h3 194. f5 h2 195. f6 h1=Q 196. a4 {[#]} Qa1 $1 {[%mdl 512]} 197. Kb5 Qxf6 198. Kc5 Qc3+ 199. Kd5 Qb4 200. a5 Qxa5+ 201. Kd4 Qd2+ 202. Ke4 Ke7 203. Kf3 Kd6 204. Kg4 Ke5 205. Kf3 Kf5 206. Kg3 Qe2 207. Kh3 Kf4 208. Kh4 Qh2#) 1/2-1/2

[Event "18th Aeroflot Open-A 2020"]
[Site "Moscow"]
[Date "2020.02.19"]
[Round "1.28"]
[White "Gadimbayli, Abdulla"]
[Black "Yilmaz, Mustafa"]
[Result "0-1"]
[WhiteElo "2460"]
[BlackElo "2607"]
[Annotator "TA"]
[PlyCount "84"]
[EventDate "2020.02.19"]
[EventType "swiss"]
[EventCountry "RUS"]
[SourceTitle "playchess.com"]
[Source "ChessBase"]
[SourceQuality "1"]

{[%evp 11,84,9,16,0,0,0,0,0,0,0,0,-1,0,-6,-8,-11,0,-25,-25,-27,-23,-26,-21,-25,-17,-24,-25,-14,-29,-6,25,21,75,-66,-51,-62,-53,-166,-65,-243,-218,-248,-227,-231,-237,-250,-247,-228,-218,-237,-238,-363,-333,-336,-339,-325,-325,-315,-325,-306,-208,-449,-354,-387,-383,-423,-410,-386,-390,-516,-515,-485,-470,-752,-751]} 1. e4 c5 2. Nf3 d6 3. d4 cxd4 4. Nxd4 Nf6 5. Nc3 a6 6. g3 e5 7. Nf3 {B91: Sicilian Najdorf: 6 g3.} (7. Nde2 {feels hotter.} Be7 8. Bg2 b5 9. Nd5 Nbd7 10. Nec3) 7... Be7 8. Bg2 O-O 9. O-O {The position is equal.} b5 10. a4 b4 11. Nd5 {[#]} a5 $146 ({Predecessor:} 11... Nxd5 12. Qxd5 Ra7 13. Be3 Be6 14. Qd3 Rb7 15. Nd2 Qc7 16. Rfc1 Rc8 17. f4 f6 {1-0 (44) Gadimbayli,A (2420)-Isik,A (2212) Cesme 2018}) 12. Nxe7+ Qxe7 13. Nh4 Nc6 14. Nf5 Bxf5 $1 15. exf5 d5 16. c4 bxc3 17. bxc3 Rfd8 18. Ba3 Qc7 19. Rb1 e4 20. Rb5 Qe5 21. c4 e3 (21... Nb4 $11) 22. Qb1 ({Better is} 22. Re1 $1 $16) 22... exf2+ $1 $15 23. Kh1 Nd4 $36 {[%mdl 2048] Black is pushing.} 24. Qa1 (24. Bb2 $1 $15 Qe3 25. Bxd4 Qxd4 26. cxd5) 24... Ne4 (24... Rac8 $1 $19 {[%cal Rc8c4]} 25. cxd5 Rc4) 25. cxd5 $2 {This move loses the game for White.} ({White must play} 25. Bc5 $1 $15 Nxc5 26. Rxc5) 25... Re8 {White must now prevent ...Nd2.} (25... Rxd5 26. Rxd5 Qxd5 27. Qb1 $11) 26. d6 Nxb5 27. Qxe5 Rxe5 28. Bb2 Ree8 $1 ({Wrong is} 28... Nexd6 $2 29. Bxe5 Rc8 30. axb5 $18) 29. d7 {[#]} Re7 $1 {Hoping for ...Nc7.} 30. f6 gxf6 ({Resist} 30... Rxd7 31. Bxe4 Rad8 32. axb5) 31. Bxe4 (31. Bxf6 $142 Rxd7 32. Bxe4) 31... Rxe4 $19 32. Bxf6 Rxa4 ({Not} 32... Re1 33. Kg2 $11) 33. d8=Q+ Rxd8 34. Bxd8 {[%mdl 4096] Endgame [#] KRB-KRN} Ra2 $1 35. Kg2 Kg7 36. Bg5 $2 (36. Bb6 {was the only defense.}) 36... Kg6 37. Be3 a4 {[%cal Ba5a4,Ba4a3,Ba3a2][%mdl 32]} 38. Kf3 a3 39. Bxf2 Rb2 40. h3 a2 {Black is clearly winning.} 41. Ra1 Kf5 42. g4+ (42. Bb6 $142) 42... Ke5 {Accuracy: White = 50%, Black = 72%.} 0-1

[Event "18th Aeroflot Open-A 2020"]
[Site "Moscow"]
[Date "2020.02.19"]
[Round "1.29"]
[White "Karthikeyan, Murali"]
[Black "Radovanovic, Mihajlo"]
[Result "1-0"]
[WhiteElo "2602"]
[BlackElo "2458"]
[Annotator "TA"]
[PlyCount "143"]
[EventDate "2020.02.19"]
[EventType "swiss"]
[EventCountry "RUS"]
[SourceTitle "playchess.com"]
[Source "ChessBase"]
[SourceQuality "1"]

{[%evp 29,143,40,34,22,17,-45,-50,-41,44,43,76,45,53,53,59,50,54,39,25,29,27,29,37,40,48,40,24,0,0,0,0,0,0,-7,0,0,8,0,59,49,41,41,93,111,90,0,0,0,93,93,93,102,160,152,139,139,141,0,141,149,218,211,291,296,443,389,409,391,471,441,508,475,688,612,440,631,720,725,750,762,660,766,764,764,743,735,624,539,483,351,346,338,338,338,338,326,777,760,1325,1207,1065,1394,1162,1060,5401,4925,1879,8691,29965,29967,29939,29966,6429,6418,6050,6429]} 1. e4 c5 2. Nf3 d6 3. d4 cxd4 4. Nxd4 Nf6 5. Nc3 g6 6. Be3 Bg7 7. f3 O-O 8. Qd2 Nc6 9. O-O-O d5 10. Qe1 e5 11. Nxc6 bxc6 12. exd5 Nxd5 13. Bc4 Be6 14. Ne4 Qc7 15. Bc5 Rfd8 16. h4 {B76: Sicilian Dragon: Yugoslav Attack, 9 g4 and 9 0-0-0.} Nf4 {[#]} 17. Qc3 $146 (17. Bxe6 $11 Rxd1+ 18. Qxd1 Nxe6 19. Be3) ({Predecessor:} 17. Bxe6 Rxd1+ 18. Qxd1 Nxe6 19. Be3 Rb8 20. Qd6 Qxd6 21. Nxd6 e4 22. c3 exf3 23. gxf3 Be5 {1-0 (43) Lopez Martinez,J (2509)-Martinez Martin,D (2385) Don Benito 2012}) 17... Rxd1+ $15 18. Rxd1 {Black is slightly better.} Rd8 ({Black should play} 18... Bxc4 $15 19. Qxc4 Nxg2) 19. g3 $14 Bxc4 20. Qxc4 Rxd1+ 21. Kxd1 Qd7+ 22. Ke1 Ne6 23. Qb4 {Hoping for Qb8+.} f5 24. Qb8+ Qd8 25. Qxd8+ Nxd8 $11 {[%mdl 4096] Endgame KBN-KBN} 26. Nf2 a6 27. Bb6 Ne6 28. c3 Bf8 29. Nd3 Bd6 30. Kf2 Kf7 31. b4 h5 32. a4 Kf6 33. Nb2 Bc7 (33... Nc7 $11) 34. Nc4 Bxb6+ 35. Nxb6 $14 {And now Nd7+ would win. KN-KN} Nc7 (35... Nf8 $14) 36. Nd7+ $16 Ke6 37. Nf8+ Kf7 38. Nd7 Ke6 39. Nc5+ Kd5 40. Ke2 Kd6 (40... a5 $142) 41. c4 Ke7 42. Ke3 Kd6 43. Ke2 Ke7 $1 44. Kf2 Kd6 {[#]} (44... Kf6 $16 45. f4 e4) 45. g4 $1 $18 {[%mdl 512]} Ke7 {[#]} (45... fxg4 46. fxg4) 46. g5 $1 Kd6 (46... Ne6 {was worth a try.} 47. Nxa6 Kd8) 47. Ke3 Ke7 48. Nd3 Kd6 {[#]} 49. f4 $1 e4 50. Ne5 c5 (50... Ne6 $142 51. c5+ Kc7 52. Nxg6 Kd7 53. Ne5+ Kc7) 51. b5 axb5 52. axb5 Na8 53. Nxg6 Nb6 54. Ne5 Ke6 55. Kd2 Ke7 56. Nc6+ Ke6 57. Na5 Ke7 58. Kc3 Na4+ 59. Kb3 Nb6 60. Nb7 Nd7 61. Kc3 Ke6 62. Na5 Kd6 $2 (62... Ke7 63. Nb3 Kf7) 63. Nb3 Nf8 64. b6 Kc6 {[#]} 65. Nxc5 $1 {[%mdl 512]} Kxb6 (65... Kxc5 66. b7) 66. Kd4 Ng6 {[#]} 67. Nxe4 $1 {[%mdl 512]} Nxh4 (67... fxe4 68. f5) 68. Ng3 (68. Nf6 $142 Ng6 69. Nxh5) 68... Nf3+ 69. Kd5 h4 70. Nh1 h3 71. g6 Nh2 72. Nf2 {Accuracy: White = 97%, Black = 60%.} 1-0

[Event "18th Aeroflot Open-A 2020"]
[Site "Moscow"]
[Date "2020.02.19"]
[Round "1.30"]
[White "Pogosyan, Stefan"]
[Black "Praggnanandhaa R"]
[Result "1/2-1/2"]
[WhiteElo "2455"]
[BlackElo "2602"]
[Annotator "TA"]
[PlyCount "57"]
[EventDate "2020.02.19"]
[EventType "swiss"]
[EventCountry "RUS"]
[SourceTitle "playchess.com"]
[Source "ChessBase"]
[SourceQuality "1"]

{[%evp 24,57,22,0,0,0,0,0,0,0,0,0,0,0,0,0,0,0,0,0,0,0,0,0,0,0,0,0,0,0,0,0,0,0,0,0]} 1. c4 Nf6 2. Nc3 g6 3. e4 d6 4. d4 Bg7 5. Be2 O-O 6. Bg5 Na6 7. Nf3 e5 8. d5 h6 9. Bh4 Qe8 10. Nd2 Bd7 11. a3 Nc5 12. O-O a5 13. b3 {The position is equal.} Nfxe4 {E92: King's Indian: Classical: 6 Be2 e5: 7 dxe5, 7 Be3 and Petrosian System without 7...Nbd7.} 14. Ncxe4 Nxe4 15. Nxe4 f5 $1 16. Nd2 {And now f3 would win.} e4 {[#]} 17. f4 $146 ({Predecessor:} 17. Ra2 g5 18. Bh5 Qe5 19. Bg3 f4 20. Nxe4 Qxe4 21. f3 Qd4+ 22. Qxd4 Bxd4+ 23. Bf2 Be5 24. a4 Be8 25. Bxe8 Raxe8 26. Re1 Bc3 27. Rxe8 Rxe8 28. Kf1 {½-½ (28) Laine,J (2264)-Shapiro,V (2363) ICCF email 2018}) 17... exf3 $1 18. Nxf3 (18. Bxf3 Bxa1 19. Qxa1 Qe3+ 20. Rf2 g5 $15) 18... Bxa1 19. Qxa1 g5 $1 ({Don't go for} 19... Qxe2 $2 20. Re1 $18) 20. Bf2 $1 Qxe2 21. Re1 Qc2 22. Nd4 $1 {[%cal Rd4c2]} Qd2 {Hoping for ...Rae8.} 23. Re2 Qf4 {[#] White must now prevent ...Rae8.} 24. Ne6 $1 {[%mdl 512]} Bxe6 $1 25. Rxe6 {Intending Rg6+ and mate.} Rf7 $1 26. Rxh6 {[%csl Ga1][%cal Rh6h8]} Rg7 $1 {Threatens to win with ...Re8.} 27. Bd4 Re8 {Strongly threatening ...Re2.} 28. Bxg7 {White threatens Rh8+ and mate.} Qe3+ {[%mdl 64] [#] Double Attack} 29. Kf1 {A rather calm draw. Accuracy: White = 100%, Black = 100%.} 1/2-1/2

[Event "18th Aeroflot Open-A 2020"]
[Site "Moscow"]
[Date "2020.02.19"]
[Round "1.31"]
[White "Basso, Pier Luigi"]
[Black "Krishna C R G"]
[Result "1/2-1/2"]
[WhiteElo "2600"]
[BlackElo "2443"]
[Annotator "TA"]
[PlyCount "80"]
[EventDate "2020.02.19"]
[EventType "swiss"]
[EventCountry "RUS"]
[SourceTitle "playchess.com"]
[Source "ChessBase"]
[SourceQuality "1"]

{[%evp 19,80,29,36,29,40,32,26,39,27,40,34,4,38,17,19,0,0,0,0,0,0,0,0,0,11,16,18,21,20,18,21,5,6,8,6,14,25,-6,-17,-41,-41,-41,-41,-36,-50,-50,-37,-45,-43,-59,-43,-49,-57,-45,-52,-73,-44,-84,-49,-83,0,-102,-16]} 1. d4 d5 2. c4 e6 3. Nc3 Nf6 4. Nf3 Nbd7 5. Bg5 c6 6. e3 Qa5 7. Nd2 dxc4 8. Bxf6 Nxf6 9. Nxc4 Qc7 10. Rc1 Bd7 11. g3 {D52: Queen's Gambit Declined: Cambridge Springs Variation.} Be7 12. Bg2 O-O 13. O-O {White has an edge.} Rfd8 14. e4 b5 {[#]} 15. Nd2 $146 ({Predecessor:} 15. Ne3 Qb6 16. e5 Nd5 17. Ne4 Be8 18. Nc5 Bxc5 19. Nxd5 cxd5 20. Rxc5 b4 21. Qd2 {1-0 (43) Wojtaszek,R (2745)-Banusz,T (2611) Linares 2017}) 15... b4 16. Na4 e5 17. dxe5 Ng4 18. Qe2 {With the idea f4.} Nxe5 19. Nb3 Bg4 20. f3 Bc8 {Threatens to win with ...Nd3.} 21. Nbc5 $1 Qa5 22. b3 Nd7 {[%cal Rd7c5]} 23. Qf2 Nb6 24. Rfe1 Ba6 25. Bf1 Nxa4 26. Nxa4 Bb5 27. Nc5 Qb6 28. Rc2 Rd6 29. e5 Rd5 {[%cal Re7c5]} 30. Ne4 Rxe5 {[#] aiming for ...f5.} 31. Qxb6 axb6 32. Bxb5 cxb5 33. Rd1 f5 34. Nd6 Rd8 $36 {[%mdl 2048] Black has good play.} 35. Rcd2 Kf8 36. f4 Rc5 37. Kf1 g6 38. Ke1 Bf6 {[#] White must now prevent ...Bc3.} 39. Kf1 Be7 (39... Rd7 $17) 40. Ke2 (40. Ke1 $1 $11 {keeps the balance.}) 40... Bxd6 {Accuracy: White = 86%, Black = 84%.} (40... Ra8 $17 41. Nb7 Rc7) 1/2-1/2

[Event "18th Aeroflot Open-A 2020"]
[Site "Moscow"]
[Date "2020.02.19"]
[Round "1.32"]
[White "Murzin, Volodar"]
[Black "Can, Emre"]
[Result "0-1"]
[WhiteElo "2442"]
[BlackElo "2600"]
[Annotator "TA"]
[PlyCount "120"]
[EventDate "2020.02.19"]
[EventType "swiss"]
[EventCountry "RUS"]
[SourceTitle "playchess.com"]
[Source "ChessBase"]
[SourceQuality "1"]

{[%evp 9,120,4,0,0,0,8,7,6,15,7,14,3,10,14,12,8,22,0,0,0,-1,-10,19,0,0,0,0,0,0,0,0,-1,0,-70,-57,-68,-43,-38,-55,-75,-86,-126,-55,-70,-67,-73,-90,-73,-75,-119,-110,-112,-88,-85,-60,-70,-68,-85,-92,-87,-78,-113,-111,-137,-164,-179,-144,-143,-101,-107,-121,-174,-145,-146,-150,-143,-152,-133,-102,-184,-184,-198,-147,-198,-171,-168,-157,-177,-135,-144,0,-178,-165,-194,-183,-194,-165,-176,-168,-175,-149,-146,-155,-246,-222,-718,-681,-1156,-1039,-2142,-2124,-1783,0]} 1. e4 c5 2. Nf3 e6 3. g3 Nc6 4. Bg2 Nf6 5. Qe2 e5 6. O-O {B40: Sicilian: 2...e6, Unusual lines.} Be7 7. d3 O-O 8. Na3 {The position is equal.} d6 9. Nc4 b5 10. Ne3 Nd4 11. Qd1 {[#]} Re8 $146 ({Predecessor:} 11... g6 12. Nd2 Bb7 13. a4 a6 14. f4 exf4 15. gxf4 Nh5 16. f5 Bg5 17. Nf3 Nf4 {1-0 (30) Dragnev,V (2458)-Estremera Panos,S (2339) Stockholm 2018}) 12. Nd2 Bb7 13. f4 exf4 14. gxf4 Bf8 15. Rf2 Qb6 16. Ndf1 c4 17. c3 Ne6 18. e5 $1 {[%cal Re5f6]} Bxg2 19. Nxg2 dxe5 20. fxe5 Bc5 $36 {[%mdl 2048] White is under pressure.} 21. d4 (21. Be3 $11 Ng5 22. Rf5 Rxe5 23. Rxe5 Nh3+ 24. Kh1 Bxe3 25. Qf3 {[%mdl 64] Double Attack} Nf2+ {[%mdl 64] Double Attack} 26. Kg1 Nh3+ {[%mdl 64] Discovered Attack (Double check)} 27. Kh1 Nf2+ {[%mdl 64] Double Attack} 28. Kg1 Nh3+ {[%mdl 64] Discovered Attack (Double check)} 29. Kh1) 21... Ne4 $15 22. dxc5 Qxc5 {[%mdl 64] Pin} 23. Be3 Nxf2 24. Bxf2 Qxe5 25. Qg4 {[#]} Qg5 ({Better is} 25... h5 $1 $17 {[%cal Rh5g4]} 26. Qg3 Qe2) 26. Qg3 a6 27. Re1 {aiming for Rxe6!} Qxg3 28. hxg3 Ng5 29. Rxe8+ Rxe8 30. Be3 Ne4 31. Bd4 f6 32. Nge3 Kf7 33. g4 {[#]} h5 $1 {[%mdl 512]} 34. gxh5 Rh8 35. Nd5 Rxh5 36. Nc7 Rg5+ 37. Kh2 a5 {[%cal Ba6a5,Ba5a4][%mdl 32]} 38. Ne3 Nd6 39. Bb6 a4 40. Ncd5 (40. Nc2 $17 {keeps fighting.}) 40... Ke6 41. Nf4+ Kd7 42. Nh3 Rh5 43. Kg2 g5 44. Nd5 {[#]} (44. Ng1 $17 {might work better.}) 44... Rh6 $1 $19 45. Bd4 Ne8 ({Black should play} 45... Ne4 $19 46. Ng1 f5) 46. Be3 (46. a3 $17) 46... Ke6 47. Nb4 Nd6 48. Nc2 Kd5 49. Nb4+ Ke6 50. Nc2 $1 Rh8 51. Nd4+ Kd5 52. a3 Rb8 53. Kf3 Ne4 54. Ng1 Nc5 55. Nc2 {Strongly threatening Nb4+.} Nd3 56. Nb4+ (56. Ne2 $17) 56... Nxb4 57. axb4 $2 (57. cxb4 Rh8 58. Bb6) 57... Rh8 {Black is clearly winning.} 58. Ne2 Rh3+ 59. Ng3 {[#]} Rxg3+ $1 {[%mdl 512]} 60. Kxg3 Ke5 $2 {[%mdl 32768] Accuracy: White = 64%, Black = 78%. . Sensor Board Error (Ke4/e5)?} (60... Ke4 $19 61. Bd4 Kd3) 0-1

[Event "18th Aeroflot Open-A 2020"]
[Site "Moscow"]
[Date "2020.02.19"]
[Round "1.33"]
[White "Puranik, Abhimanyu"]
[Black "Nikitenko, Mihail"]
[Result "1/2-1/2"]
[WhiteElo "2597"]
[BlackElo "2440"]
[Annotator "TA"]
[PlyCount "87"]
[EventDate "2020.02.19"]
[EventType "swiss"]
[EventCountry "RUS"]
[SourceTitle "playchess.com"]
[Source "ChessBase"]
[SourceQuality "1"]

{[%evp 11,87,-11,15,22,7,24,0,15,14,4,-11,0,6,17,25,19,6,0,16,30,62,0,0,0,0,0,0,-25,0,0,0,0,0,0,57,0,0,0,0,0,41,0,0,0,62,57,66,41,60,11,166,164,156,11,42,72,161,146,160,169,152,0,0,0,0,-44,-57,-78,0,0,0,0,0,0,0,0,0,0]} 1. e4 e6 2. d4 d5 3. e5 c5 4. c3 Qb6 5. Nf3 Nc6 6. a3 Nh6 7. b4 {C02: French: Advance Variation.} cxd4 8. b5 (8. cxd4 {feels hotter.} Nf5 9. Bb2 Bd7 10. g4 Nfe7 11. Nc3) 8... Na5 9. Bxh6 gxh6 10. cxd4 Bd7 11. Nbd2 Rc8 12. a4 Bb4 13. Bd3 Bc3 14. Rc1 {[#]} Ke7 $146 ({Predecessor:} 14... Kd8 15. O-O Bxd4 16. Nb1 Bc5 17. Rc3 Bf8 18. Qd2 Rxc3 19. Nxc3 Nb3 20. Qf4 Ke8 {0-1 (50) Morawietz,D (2420)-Van den Doel,E (2593) Germany 2018}) 15. O-O Bxd4 16. Rb1 (16. Nb1 $14) 16... Rc3 $11 17. Nb3 Nxb3 18. Rxb3 Rhc8 19. Rb1 Ra3 20. Qd2 Bc5 21. Bxh7 Rxa4 22. Qxh6 Be8 (22... Qd8 $11) 23. Bd3 (23. h4 $14) 23... Ra2 24. Qh4+ Kd7 25. Qg3 Bf8 26. Qg8 Bc5 {[%cal Ra2f2]} 27. Qg3 $1 Bf8 28. h4 $1 Rc3 29. Rbd1 $1 Bh6 30. Ng5 {Ne4! is the strong threat.} Raa3 $2 (30... Qd4 $1 $11) 31. Nh7 $1 $18 {[%cal Rh7f6] aiming for Nf6+.} Kd8 {Hoping for ...Qd4.} 32. Nf6 (32. Qf3 $1 $16 {[%cal Rf3f6]} Rxd3 33. Qf6+ Kc7 34. Qxh6 Rxd1 35. Rxd1) 32... Qc5 $1 $11 33. h5 ({Much weaker is} 33. Qg8 Qf8 $17) 33... Qf8 (33... Rxd3 $16 34. Rxd3 Rxd3 35. Qxd3 Bxb5) 34. Ng4 Bg5 35. f4 $1 {[%cal Rf4g5]} Be7 36. Rf3 $2 (36. h6 $1 $16) 36... f5 $1 $36 {[%mdl 2048] Black has the initiative.} 37. exf6 $1 Bc5+ 38. Kh1 {Threatens to win with h6.} Bxh5 39. f5 {Threatening mate with Qb8+.} Bxg4 (39... Bd6 $17 40. Qh4 Bxg4 41. Qxg4 {[#]} Rc1 $1 {[%mdl 576] Decoy} 42. Rxc1 Qh6+ {[%mdl 64] Double Attack} 43. Qh3 Qxc1+ 44. Rf1 Qxf1+ $1 {[%mdl 512]} 45. Bxf1 Rxh3+ 46. gxh3 e5) 40. Qb8+ {[%mdl 64] [#] Double Attack. The position is equal.} Kd7 $1 41. Qxb7+ Kd8 $1 42. Qb8+ {[#]} Kd7 $1 43. Qb7+ Kd8 $1 44. Qb8+ {Accuracy: White = 79%, Black = 75%.} 1/2-1/2

[Event "18th Aeroflot Open-A 2020"]
[Site "Moscow"]
[Date "2020.02.19"]
[Round "1.34"]
[White "Sreeshwan Maralakshikari"]
[Black "Salgado Lopez, Ivan"]
[Result "1/2-1/2"]
[WhiteElo "2440"]
[BlackElo "2597"]
[Annotator "TA"]
[PlyCount "36"]
[EventDate "2020.02.19"]
[EventType "swiss"]
[EventCountry "RUS"]
[SourceTitle "playchess.com"]
[Source "ChessBase"]
[SourceQuality "1"]

{[%evp 10,36,2,0,15,19,12,14,12,-23,-11,-26,6,7,3,5,13,-16,16,3,93,95,78,83,92,81,98,106,107]} 1. d4 Nf6 2. c4 e6 3. Nc3 Bb4 4. e3 b6 5. Bd3 Bb7 6. Nf3 Bxc3+ {E43: Nimzo-Indian: Rubinstein: 4...b6.} 7. bxc3 O-O 8. O-O Re8 {The position is equal.} 9. Qc2 {[#]} Bxf3 $146 ({Predecessor:} 9... d6 10. Ng5 h6 11. Ne4 Nxe4 12. Bxe4 Bxe4 13. Qxe4 Nd7 14. Qc6 Nf6 15. f3 Qd7 16. Qxd7 Nxd7 {½-½ (28) Glembek,B (2069)-Mende,I (2241) ICCF email 2005}) 10. gxf3 d6 11. f4 Nbd7 12. f3 e5 13. Qg2 Qe7 14. e4 Nh5 (14... c5 $11 {remains equal.}) 15. fxe5 $16 {White is better.} dxe5 {[#]} 16. f4 $1 {[%cal Rf4e5]} Nxf4 17. Bxf4 exf4 18. Rxf4 Rad8 {Accuracy: White = 76%, Black = 66%.} 1/2-1/2